| 000 | 01707cam a22004817a 4500 | ||
|---|---|---|---|
| 001 | 000093169 | ||
| 003 | CHAP | ||
| 005 | 20220329142921.0 | ||
| 008 | 050221d2005 mx d r 00110 spa d | ||
| 010 | _a89635 | ||
| 011 | _a90607 | ||
| 035 | _a101163 | ||
| 040 | _cCHAP | ||
| 090 | _aTesis | ||
| 100 | 0 | 0 |
_aBarrientos Hernández, Ismael. _910483 |
| 245 | 1 | 0 |
_aForrajes estivales para pastoreo / _c/por Ismael Barrientos Hernández y Timoteo Gallegos Zapata. |
| 260 |
_aChapingo, Méx. : _bEl autor, _c2005. |
||
| 300 |
_a35 h. : _bgráfs. ; cuadros. |
||
| 502 | _aTesis (Ing. Agr. Esp. en Zootecnia) -- UACH. Departamento de Zootecnia | ||
| 590 |
_aALEPH _b10 _c20130110 _lUCH01 _h1504 |
||
| 590 |
_aBATCH-UPD _b10 _c20130110 _lUCH01 _h0655 |
||
| 590 |
_aBATCH-UPD _b10 _c20130410 _lUCH01 _h0340 |
||
| 590 |
_aBATCH-UPD _b10 _c20130914 _lUCH01 _h1432 |
||
| 590 |
_aBATCH-UPD _b10 _c20140324 _lUCH01 _h1449 |
||
| 590 |
_aBATCH-UPD _b10 _c20141002 _lUCH01 _h0825 |
||
| 590 |
_aBATCH _b00 _c20181121 _lUCH01 _h0758 |
||
| 590 |
_aCONVERSION _b10 _c20130109 _lUCH01 _h1350 |
||
| 590 |
_aE12093SGE _b10 _c20130620 _lUCH01 _h0841 |
||
| 650 | 1 | 4 |
_aForrajes _xProducción. _942589 |
| 650 | 1 | 4 |
_aMaíz como forraje. _971109 |
| 650 | 1 | 4 |
_aMijo. _975640 |
| 650 | 1 | 4 |
_aPastoreo. _985984 |
| 650 | 1 | 4 |
_aSorgo como forraje. _9108743 |
| 700 | 0 |
_aGallegos Zapata, Timoteo. _944425 |
|
| 856 |
_3Finding aid _uhttp://10.13.5.2/tesis/101163.pdf _zTeclea aquí |
||
| 856 |
_a1 _n0000788 |
||
| 901 | _aBK | ||
| 905 | _aMarco A. Mendoza T. | ||
| 942 | _cCD | ||
| 942 | _n0 | ||
| 949 |
_aTesis _bBC _cTES _d1011631 _eTS1 _gDonaciØn _h43539 _i101163 _sb |
||
| 949 |
_aTesis _bBC _cTES _d33724000943569 _eTS2 _fc.2 _gDonaciØn _h43540 _i101163 _sb |
||
| 999 |
_c89635 _d89635 |
||